Statistics for Best Foods Of Ghana

Click here to take the quiz!

General Stats

  • This quiz has been taken 10 times
  • The average score is 5 of 8

Answer Stats

Answer% Correct
FuFu
100%
Jollof rice
83%
Banku
67%
Okra Soup
67%
Waakye
67%
Etor
50%
Wassa-Wassa
33%
Yam Pottage
33%

Score Distribution

Percentile by Number Answered

Percent of People with Each Score

Your Score History

You have not taken this quiz